MARC details
| 000 -LEADER |
| fixed length control field |
03271cam a2200661 i 4500 |
| 001 - CONTROL NUMBER |
| control field |
ocn954719884 |
| 003 - CONTROL NUMBER IDENTIFIER |
| control field |
OCoLC |
| 005 - DATE AND TIME OF LATEST TRANSACTION |
| control field |
20200320204005.0 |
| 008 - FIXED-LENGTH DATA ELEMENTS--GENERAL INFORMATION |
| fixed length control field |
160728t20172017nyua j b 001 0 eng c |
| 010 ## - LIBRARY OF CONGRESS CONTROL NUMBER |
| LC control number |
2016031622 |
| 020 ## - INTERNATIONAL STANDARD BOOK NUMBER |
| International Standard Book Number |
9781482457698 |
| Qualifying information |
(library bound) |
| 020 ## - INTERNATIONAL STANDARD BOOK NUMBER |
| International Standard Book Number |
1482457695 |
| 020 ## - INTERNATIONAL STANDARD BOOK NUMBER |
| International Standard Book Number |
9781482457674 |
| Qualifying information |
(pbk.) |
| 020 ## - INTERNATIONAL STANDARD BOOK NUMBER |
| International Standard Book Number |
1482457679 |
| 020 ## - INTERNATIONAL STANDARD BOOK NUMBER |
| International Standard Book Number |
9781482457681 |
| Qualifying information |
(6 pack) |
| 020 ## - INTERNATIONAL STANDARD BOOK NUMBER |
| International Standard Book Number |
1482457687 |
| 020 ## - INTERNATIONAL STANDARD BOOK NUMBER |
| Terms of availability |
19.95 |
| 035 ## - SYSTEM CONTROL NUMBER |
| System control number |
(OCoLC)954719884 |
| 037 ## - SOURCE OF ACQUISITION |
| Stock number |
1417392 |
| Source of stock number/acquisition |
QBI |
| 040 ## - CATALOGING SOURCE |
| Original cataloging agency |
NJQ/DLC |
| Language of cataloging |
eng |
| Description conventions |
rda |
| Transcribing agency |
ZQP |
| Modifying agency |
DLC |
| -- |
OCLCO |
| -- |
BTCTA |
| -- |
YDX |
| -- |
OCLCF |
| -- |
BDX |
| -- |
SINLB |
| -- |
OCLCQ |
| -- |
QBX |
| -- |
OCLCO |
| -- |
EHH |
| -- |
TXKYP |
| -- |
WACOL |
| 042 ## - AUTHENTICATION CODE |
| Authentication code |
pcc |
| 049 ## - LOCAL HOLDINGS (OCLC) |
| Holding library |
WACL |
| 050 00 - LIBRARY OF CONGRESS CALL NUMBER |
| Classification number |
TA658.44 |
| Item number |
.S5345 2017 |
| 082 04 - DEWEY DECIMAL CLASSIFICATION NUMBER |
| Classification number |
693.8/52 |
| Edition number |
23 |
| 082 14 - DEWEY DECIMAL CLASSIFICATION NUMBER |
| Classification number |
693.8 |
| Edition number |
15 |
| 092 ## - LOCALLY ASSIGNED DEWEY CALL NUMBER (OCLC) |
| Classification number |
J693.8 |
| Item number |
Sho |
| 100 1# - MAIN ENTRY--PERSONAL NAME |
| Personal name |
Shofner, Melissa Raé, |
| Relator term |
author. |
| 9 (RLIN) |
5942784 |
| 245 10 - TITLE STATEMENT |
| Title |
Earthquake-proof buildings / |
| Statement of responsibility, etc |
by Melissa Raé Shofner. |
| 250 ## - EDITION STATEMENT |
| Edition statement |
First edition. |
| 264 #1 - Production, Publication, Distribution, Manufacture, and Copyright Notice. |
| Place of production, publication, distribution, manufacture |
New York, NY : |
| Name of producer, publisher, distributor, manufacturer |
Gareth Stevens Publishing, |
| Date of production, publication, distribution, manufacture, or copyr |
2017. |
| 264 #4 - Production, Publication, Distribution, Manufacture, and Copyright Notice. |
| Date of production, publication, distribution, manufacture, or copyr |
©2017 |
| 300 ## - PHYSICAL DESCRIPTION |
| Extent |
32 pages : |
| Other physical details |
color illustrations ; |
| Dimensions |
28 cm. |
| 336 ## - Content Type |
| Content type term |
text |
| 336 ## - Content Type |
| Content type term |
still image |
| 337 ## - Media type |
| Media type term |
unmediated |
| 338 ## - Carrier type |
| Carrier type term |
volume |
| 490 1# - SERIES STATEMENT |
| Series statement |
Technology takes on nature |
| 504 ## - BIBLIOGRAPHY, ETC. NOTE |
| Bibliography, etc |
Includes bibliographical references (page 31) and index. |
| 505 0# - FORMATTED CONTENTS NOTE |
| Formatted contents note |
Major disasters -- Shaky ground -- Building a safer structure -- Base isolation -- Core wall construction -- Shock absorbers -- Controlled rocking system -- Shape memory alloys -- Using different materials -- Past to present -- Into the future. |
| 520 ## - SUMMARY, ETC. |
| Summary, etc |
There's no telling when an earthquake can strike, which is why engineers building in earthquake-prone places need to be careful. Earthquake-proofing buildings takes cutting-edge science and lots of testing, but these amazing creations help keep people safe and prevent further chaos in the event of disaster. Full-color photographs that chronicle the construction of simple bunker-like rooms as well as more complex buildings yet to be tested by major geological events will mesmerize readers. They'll also get a look at how high-rises are built to combat the shaking and swaying that comes with these natural disasters. publisher's website. |
| 650 #0 - SUBJECT ADDED ENTRY--TOPICAL TERM |
| Topical term or geographic name as entry element |
Earthquake resistant design |
| Form subdivision |
Juvenile literature. |
| 9 (RLIN) |
5942785 |
| 650 #0 - SUBJECT ADDED ENTRY--TOPICAL TERM |
| Topical term or geographic name as entry element |
Buildings |
| General subdivision |
Earthquake effects |
| Form subdivision |
Juvenile literature. |
| 9 (RLIN) |
5942786 |
| 650 #7 - SUBJECT ADDED ENTRY--TOPICAL TERM |
| Topical term or geographic name as entry element |
Buildings |
| General subdivision |
Earthquake effects. |
| Source of heading or term |
fast |
| -- |
(OCoLC)fst00841003 |
| 9 (RLIN) |
5942787 |
| 650 #7 - SUBJECT ADDED ENTRY--TOPICAL TERM |
| Topical term or geographic name as entry element |
Earthquake resistant design. |
| Source of heading or term |
fast |
| -- |
(OCoLC)fst00900877 |
| 9 (RLIN) |
5942788 |
| 655 #7 - INDEX TERM--GENRE/FORM |
| Genre/form data or focus term |
Juvenile works. |
| Source of term |
fast |
| -- |
(OCoLC)fst01411637 |
| 9 (RLIN) |
5673941 |
| 830 #0 - SERIES ADDED ENTRY--UNIFORM TITLE |
| Uniform title |
Technology takes on nature. |
| 9 (RLIN) |
5942789 |
| 938 ## - |
| -- |
Quality Books, Inc. |
| -- |
QUAL |
| -- |
a 16031622 |
| 938 ## - |
| -- |
YBP Library Services |
| -- |
YANK |
| -- |
13114555 |
| 938 ## - |
| -- |
YBP Library Services |
| -- |
YANK |
| -- |
13114554 |
| 938 ## - |
| -- |
Baker and Taylor |
| -- |
BTCP |
| -- |
BK0019351417 |
| 938 ## - |
| -- |
Brodart |
| -- |
BROD |
| -- |
117751006 |
| 938 ## - |
| -- |
Brodart |
| -- |
BROD |
| -- |
117751014 |
| 938 ## - |
| -- |
YBP Library Services |
| -- |
YANK |
| -- |
13736172 |
| 942 ## - ADDED ENTRY ELEMENTS (KOHA) |
| Koha item type |
BOOK |
| 948 ## - LOCAL PROCESSING INFORMATION (OCLC); SERIES PART DESIGNATOR (RLIN) |
| Series part designator, SPT (RLIN) |
05/17/2017 |
| z (OCLC) |
Sirsi |
| 994 ## - |
| -- |
C0 |
| -- |
WACOL |
| 996 ## - |
| -- |
140499 |
| -- |
34301001499013 |
| -- |
JNF |
| -- |
bk |
| -- |
wcl |
| -- |
i |
| -- |
0 |
| -- |
19.95 |
| -- |
librarianschoice |
| -- |
693.8 Sho |
| -- |
05/17/2017 |
| -- |
05/17/2017 |